| 000 | 00462nam a2200145Ia 4500 | ||
|---|---|---|---|
| 003 | OSt | ||
| 005 | 20260227114116.0 | ||
| 008 | 211028s2019 xx 000 0 und d | ||
| 040 | _cAIMIT LIBRARY | ||
| 041 | _aeng | ||
| 100 |
_aMadhyastha, T Ganesha; Balaraju S J. _g1716204 _98178 |
||
| 245 | _aStudy on the balance of growth of Panchaganga Farmers Service Co Operative Society Ltd / | ||
| 260 |
_aMangalore _bDeepika Maria Mascarenhas _c2019 |
||
| 942 |
_2ddc _cPRO |
||
| 999 |
_c219746 _d219746 |
||